ARRUPE JESUIT UNIVERSITY

CORONAVIRUS -STOP THE SPREAD - CLEAN,DISINFECT,COVER

Corruption, democracy, and good governance in Africa : (Record no. 131428)

MARC details
000 -LEADER
fixed length control field 01348cam a2200325 a 4500
001 - CONTROL NUMBER
control field 11995821
003 - CONTROL NUMBER IDENTIFIER
control field ARRUPE
005 - DATE AND TIME OF LATEST TRANSACTION
control field 20220517083500.0
008 - FIXED-LENGTH DATA ELEMENTS--GENERAL INFORMATION
fixed length control field 000127s1999 bs b 100 0 eng
010 ## - LIBRARY OF CONGRESS CONTROL NUMBER
LC control number 99893644
020 ## - INTERNATIONAL STANDARD BOOK NUMBER
International Standard Book Number 9991271147
035 ## - SYSTEM CONTROL NUMBER
System control number (DLC) 99893644
040 ## - CATALOGING SOURCE
Original cataloging agency DLC
Transcribing agency DLC
Modifying agency DLC
042 ## - AUTHENTICATION CODE
Authentication code lcode
043 ## - GEOGRAPHIC AREA CODE
Geographic area code fb-----
050 00 - LIBRARY OF CONGRESS CALL NUMBER
Classification number JQ1875.A55
Item number C67 1997
082 00 - DEWEY DECIMAL CLASSIFICATION NUMBER
Classification number 320.967
Edition number 21
300 ## - PHYSICAL DESCRIPTION
Dimensions 26 cm.
111 2# - MAIN ENTRY--MEETING NAME
Meeting name or jurisdiction name as entry element Southern African Universities Social Science Conference
Number of part/section/meeting (20th :
Date of meeting 1997 :
Location of meeting Lusaka, Zambia)
9 (RLIN) 51585
245 10 - TITLE STATEMENT
Title Corruption, democracy, and good governance in Africa :
Remainder of title essays on accountability and ethical behaviour /
Statement of responsibility, etc Southern African Universities Social Science Conference (SAUSSC) ; edited by Kwame Frimpong, Gloria Jacques.
260 ## - PUBLICATION, DISTRIBUTION, ETC. (IMPRINT)
Place of publication, distribution, etc Gaborone, Botswana :
Name of publisher, distributor, etc Lightbooks,
Date of publication, distribution, etc 1999.
300 ## - PHYSICAL DESCRIPTION
Extent x, 278 p. ;
504 ## - BIBLIOGRAPHY, ETC. NOTE
Bibliography, etc Includes bibliographical references.
650 #0 - SUBJECT ADDED ENTRY--TOPICAL TERM
Topical term or geographic name as entry element Political corruption
Geographic subdivision Africa, Sub-Saharan
Form subdivision Congresses.
9 (RLIN) 51586
650 #0 - SUBJECT ADDED ENTRY--TOPICAL TERM
Topical term or geographic name as entry element Political corruption
General subdivision Economic aspects
Geographic subdivision Africa, Sub-Saharan
Form subdivision Congresses.
9 (RLIN) 51587
700 1# - ADDED ENTRY--PERSONAL NAME
Personal name Frimpong, Kwame.
9 (RLIN) 51588
700 1# - ADDED ENTRY--PERSONAL NAME
Personal name Jacques, Gloria.
9 (RLIN) 51589
906 ## - LOCAL DATA ELEMENT F, LDF (RLIN)
a 7
b cbc
c origode
d 3
e ncip
f 19
g y-gencatlg
942 ## - ADDED ENTRY ELEMENTS (KOHA)
Source of classification or shelving scheme Library of Congress Classification
Koha item type Monograph ( Printed materials)
Holdings
Withdrawn status Lost status Source of classification or shelving scheme Damaged status Not for loan Collection code Home library Current library Shelving location Date acquired Total Checkouts Full call number Barcode Date last seen Price effective from Koha item type
    Library of Congress Classification     Main Collection ARRUPE LIBRARY ARRUPE LIBRARY Main Collection 17/05/2022   JQ1875.A55 C67 1997 46600008498 17/05/2022 17/05/2022 Monograph ( Printed materials)

 

Arrupe Library. PO Box MP320 Mt Pleasant, Harare, Zimbabwe
263 242 745411|librarian@aju.ac.zw